000 00607nam a2200205 i 4500
001 bgj
100 1 _aHART, Thomas L.
245 1 0 _aCreative ideas for library media center facilities /
_cThomas L. hart.
260 _aEnglewood, Co :
_bLibraries Unlimited, Inc.,
_c1990.
300 _aIX, 75 pp :
_bphotos ;
_c28 cm.
504 _aBibliography p. 75.
650 9 _aSchool libraries
_xActivity Programmes
650 9 _aMedia programmes |(Education)
020 _a0872877361
040 _cBPK
041 0 _aeng
920 _a0-87287-736-1
942 _cKS
008 s uk f |000 0 eng
999 _c47692
_d47692
856 _uhttp://koha.tu.koszalin.pl/cgi-bin/koha/opac-detail.pl?biblionumber=47692
_yKatalog online BPK